Mystery Taylor Swift Song #71 - Statistics

General Stats
  • This quiz has been taken 377 times
  • The average score is 98 of 165
Answer Stats
Song % Correct
I
94%
ever
93%
you
91%
a
90%
me
90%
the
90%
Evermore
89%
to
86%
where
85%
and
84%
love
83%
on
83%
in
82%
no
82%
it
81%
hear
80%
who
80%
be
79%
I'm
79%
left
79%
my
79%
when
79%
at
78%
But
78%
right
78%
so
77%
for
76%
her
76%
you're
76%
there
74%
They
74%
"What
74%
Did
73%
of
73%
she
73%
up
73%
don't
72%
was
72%
every
71%
oh
71%
still
71%
If
70%
say
70%
that
70%
could
68%
here
68%
stay
68%
Time
68%
about
67%
get
67%
restaurant
67%
Right Where You Left Me
67%
girl
66%
it's
66%
know
66%
one
66%
got
65%
have
65%
How
65%
want
65%
corner
64%
sitting
64%
cause
63%
Help
63%
pin
63%
break
62%
choice
62%
hair
62%
Some
62%
can't
61%
haunt
61%
just
61%
sad
61%
She's
61%
drop
60%
Everybody
60%
forever
60%
moved
60%
day
59%
Friends
59%
married
59%
light
58%
stayed
58%
Strangers
56%
told
56%
won't
56%
23
55%
dim
55%
Dust
55%
fantasy
55%
Glass
55%
happen
55%
stop
55%
front
54%
went
54%
white
54%
buried
53%
felt
53%
frozen?
53%
pinned
53%
shattered
53%
sight"
53%
collected
52%
inside
52%
moment
52%
other
52%
delusion?
51%
new
51%
been
50%
else
50%
fly
50%
lives
50%
out
50%
after
49%
born
49%
feel
49%
lose
49%
think
49%
cloth
48%
Cross
48%
find
48%
met
48%
someone
48%
ups
48%
each
47%
legged
47%
rumors
47%
supposed
47%
burn
46%
somewhere
46%
turn
46%
everything
45%
long
45%
run
45%
through
45%
change
44%
expected
44%
mascara
44%
stick
44%
swear
44%
Pages
43%
skies
43%
harm
42%
Matches
42%
our
42%
perspective
41%
sat
41%
Trends
41%
Kids
40%
lessons
40%
wife
40%
Christmas
39%
learned
39%
mind
39%
wrong
39%
sure
38%
unaware
38%
stared
37%
business
36%
young
35%
earned
33%
Wages
33%
witness
33%
died
32%
bear
31%
No matching quizzes found
Score Distribution
Percent of People with Each Score
Percentile by Number Answered
Your Score History
You have not taken this quiz